| 000 | 01303cam a2200313 4500 | ||
|---|---|---|---|
| 001 | E1893 | ||
| 008 | 090401t1993 xxu||||| |||| 00| 0 eng d | ||
| 035 | _a(Sirsi) u36273 | ||
| 041 | _aeng | ||
| 050 | _a658.2 | ||
| 110 |
_aRoyal Institution of Chartered Surveyors _bScotland _93082 |
||
| 245 | _aFacilities management: today`s challenge, tomorrow`s profession? | ||
| 260 |
_aEdinburgh _bRICS in Scotland _c1993 |
||
| 300 | _a[40]p. ; 30cm. | ||
| 350 | _a0 | ||
| 520 | _aPapers from a conference held at Airth Castle, 3 November 1993. Include: Customer requirements - public sector; Customer requirements - private sector; The working environment; Adding value through property; The influence of space planning and design; Preparing for the challenge - education and qualifications; Tomorrow's profession; | ||
| 650 | _aCONFERENCE PAPERS | ||
| 650 | _aCAREERS, EDUCATION AND TRAINING | ||
| 650 |
_aFACILITIES MANAGEMENT _96240 |
||
| 650 | _aSPACE DESIGN | ||
| 650 | _aSPACE PLANNING | ||
| 690 | _aCOMMERCIAL PROPERTY-MANAGEMENT | ||
| 710 |
_aCentre for Facilities Management _92923 |
||
| 710 |
_aAssociation of Facilities Managers _91785 |
||
| 710 |
_aRoyal Incorporation of Architects In Scotland _92351 |
||
| 710 |
_aScottish Enterprise _92731 |
||
| 942 | _n0 | ||
| 948 | _c04/03/1997 | ||
| 999 |
_c90238 _d90238 |
||